00858nam a22001937a 4500003000900000008004100009040007100050082001500121100002100136245010800157260003900265300005900304505020500363650002200568650001200590650001900602650001800621700002500639AR-CdUCM190319b           ||||| |||| 00| 0 eng d  aMUNICIPALIDAD PROVINCIAL DEL CUSCOcBIBLIOTECA MUNICIPAL DEL CUSCO  a709 /bP56  aPijoán, José  aSumma Artis, Historia general del arte :bLa arquitectura y la orfebrería españolas del siglo XVI /  aMadrid bEspasa-Calpe, S.A.,c1959  a532 páginas ;bIlustraciones en color y b/n.c27 cm.  aLa voz del pregonero -- El estilo Reyes Católicos -- Caracteres constructivos y ornamentales del plateresco -- Proceso cronológico y estilístico del renacimiento en la arquitectura española...  aHistoria del Arte  aPintura  aArte Español  aArquitectura   aJosé Camón Aznar